000 03052nam a22002417a 4500
003 UA-OsUOA
005 20211005115526.0
008 211005b un ||||| |||| 00| 0 ukr d
040 _aUA-OsUOA
_bukr
_cUA-OsUOA
_dUA-OsUOA
041 _aukr
080 _a336.05/.06
090 _a336.05/.06
095 _a08.00.08
_bгроші , фінанси і кредит
100 _aЛюбкіна О. В.
245 _aСистемна трансформація ринку фінансових активів
_cЛюбкіна Олена Вікторівна ; наук. керівник Лютий Ігор Олексійович
260 _aКиїв
_c2021
300 _a39 с.
502 _6Автореферат дисертації на здобуття наукового ступеня доктора економічних наук
_cКиївський національний університет імені Тараса Шевченка
_d2021
520 _aВизначено поняття “системна трансформація ринку фінансових активів” і її якісні параметри як форми розвитку. Розширено сферу застосування екосистемного підходу до дослідження ринку фінансових активів та конкретизовано його категоріально-понятійний апарат. Розроблено методологічні підходи до дослідження системних трансформацій ринку фінансових активів та удосконалено методичний інструментарій діагностики ринку фінансових активів, зокрема імплементовано модель із фіксованими і рандомними ефектами для формального опису зовнішніх впливів на ринок фінансових активів; адаптовано метод багатовимірного ранжування для ідентифікації найбільш впливових драйверів системних трансформацій. Визначено стратегічні напрями управління розвитком ринку фінансових активів через обґрунтування основних сфер спільного цілеспрямованого впливу стейкхолдерів регуляторної підсистеми ринку та шляхи удосконалення моделі регулювання ринку фінансових активів на основі адаптації кращих практик регулювання та на баті імплементації норм європейського й міжнародного законодавства.
650 _2UDC
_a336 Фінанси
942 _2udc
_cAR
955 _a1
999 _c571514
_d571514